00359nam a2200145Ia 4500008004100000020001000041041001200051082001100063100001600074245005900090260003600149300000800185650000700193700001300200221030s9999 xx 000 0 und d a81219 aEnglish a105.23 aV. K. Mehta 0aBasic Electrical Engineeringcby V. K. Mehta, R. Mehta bS. Chand & Co.aNew Delhic2009 a903 aEE aR. Mehta